Worldmaking (Record no. 99589)

MARC details
000 -LEADER
fixed length control field 00595nam a2200205Ia 4500
008 - FIXED-LENGTH DATA ELEMENTS--GENERAL INFORMATION
fixed length control field 191130s1996##################000#0#eng##
020 ## - INTERNATIONAL STANDARD BOOK NUMBER
ISBN 9780820428048
082 ## - DEWEY DECIMAL CLASSIFICATION NUMBER
Classification number 302.2 PEN.6
245 ## - TITLE STATEMENT
Title Worldmaking
Statement of responsibility, etc edited by William Pencak
260 ## - PUBLICATION, DISTRIBUTION, ETC. (IMPRINT)
Place of publication Bern ; New York
Name of publisher Peter Lang
Year of publication 1996
300 ## - PHYSICAL DESCRIPTION
Number of Pages vii, 406 p. : ill. ; 24 cm
500 ## - GENERAL NOTE
General note Includes bibliographical references and index
650 ## - SUBJECT ADDED ENTRY--TOPICAL TERM
Topical Term Semiotics - Social aspects
700 ## - ADDED ENTRY--PERSONAL NAME
Personal name Pencak, William
991 ## -
-- 218548
Holdings
Withdrawn status Lost status Damaged status Not for loan Home library Current library Shelving location Date acquired Full call number Accession Number Price effective from Koha item type
        Anna Centenary Library Anna Centenary Library 3RD FLOOR, B WING 09.10.2020 302.2 PEN.6 219875 09.10.2020 English Books

Find us on the map